000 01028nam a2200301 4500
001 14824
003 BD-RjUL
005 20211208235710.0
008 140208s1973 caua b 10100 eng d
020 _a0444410600
035 _a(BD-RjUL)14878
040 _aDLC
_cDLC
_dBOS
_dBD-RjUL
_beng
041 _aeng
082 _a658
_bGRA 1973
245 0 0 _aManagement research :
_ba cross-cultural perspective /
_cedited by Desmond Graves.
250 _a[1st ed.]
260 _aNew York :
_bElsevier scientific publishing com.,
_cc1973.
300 _axiv, 349 p. :
_billus. ;
_c24 cm.
490 0 _aThe Jossey-Bass/Elsevier International series.
500 _aPapers from a symposium sponsored by Philips N.V. and held at Eersel, The Netherlands, in 1970.
504 _aIncludes bibliographies and index.
650 0 _aIndustrial management
_xResearch.
_946163
700 1 _aGraves, Desmond.
_946164
710 2 _aPhilips' Gloeilampenfabrieken.
_946165
942 _2ddc
_cBK
999 _c14824
_d14824